[Event "Hessen-chB"]
[Site "Frankfurt"]
[Date "2019.05.31"]
[Round "4"]
[White "Hynar, Alexandra"]
[Black "Kabakci, Cem"]
[Result "1/2-1/2"]
[WhiteElo "1765"]
[BlackElo "1632"]
[PlyCount "32"]
[EventDate "2019.05.30"]
[EventType "swiss"]
[EventRounds "7"]
[EventCountry "GER"]
[SourceTitle "EXT 2020"]
[Source "ChessBase"]
[SourceDate "2019.10.17"]
[SourceVersion "1"]
[SourceVersionDate "2019.10.17"]
[SourceQuality "1"]

1. c4 e5 2. Nc3 Nf6 3. d3 Bc5 4. Nf3 d6 5. g3 0-0 6. Bg2 Re8 7. 0-0 c6 8. a3 a5 9. Bg5 h6 10. Bxf6 Qxf6 11. Ne4 Qe7 12. Nxc5 dxc5 13. Nd2 Be6 14. Qc2 Qd7 15. Ne4 Na6 16. f4 Bh3 1/2-1/2

[Event "Hessen-chB"]
[Site "Frankfurt"]
[Date "2019.05.30"]
[Round "2"]
[White "Kabakci, Cem"]
[Black "Scholz, Michael"]
[Result "0-1"]
[WhiteElo "1632"]
[BlackElo "1855"]
[PlyCount "130"]
[EventDate "2019.05.30"]
[EventType "swiss"]
[EventRounds "7"]
[EventCountry "GER"]
[SourceTitle "EXT 2020"]
[Source "ChessBase"]
[SourceDate "2019.10.17"]
[SourceVersion "1"]
[SourceVersionDate "2019.10.17"]
[SourceQuality "1"]

1. Nf3 Nf6 2. d4 d5 3. c4 c6 4. Nc3 e6 5. e3 Nbd7 6. Bd3 Bb4 7. 0-0 0-0 8. a3 Bxc3 9. bxc3 dxc4 10. Bxc4 Qa5 11. Qc2 Re8 12. Bd3 e5 13. e4 c5 14. Bd2 Qc7 15. Rfe1 c4 16. Bf1 Rb8 17. g3 b5 18. Nxe5 Nxe5 19. dxe5 Ng4 20. f4 Qc5+ 21. Be3 Qc6 22. Bxa7 Ra8 23. Bd4 Bb7 24. Bg2 h5 25. h3 Nh6 26. Qe2 Ra6 27. Qxh5 Rea8 28. f5 Rxa3 29. Rxa3 Rxa3 30. f6 b4 31. cxb4 Rxg3 32. fxg7 Qe6 33. Qh4 Rxg7 34. Be3 Nf5 35. Qd8+ Kh7 36. Qf6 Bxe4 37. Bg5 Bxg2 38. Qxe6 fxe6 39. Kxg2 Rxg5+ 40. Kf3 Rg3+ 41. Ke4 Rxh3 42. Rc1 Rh4+ 43. Kf3 c3 44. Ke2 Rxb4 45. Rxc3 Re4+ 46. Kf3 Rxe5 47. Kf4 Re1 48. Kg5 Kg7 49. Rc7+ Kf8 50. Kf6 Ke8 51. Ra7 Nd4 52. Re7+ Kd8 53. Rb7 e5 54. Ra7 Nc6 55. Rb7 Kc8 56. Rg7 Rf1+ 57. Ke6 Re1 58. Kd6 Nb4 59. Kc5 Nd3+ 60. Kc6 Kd8 61. Rd7+ Ke8 62. Rxd3 e4 63. Rd5 Kf7 64. Re5 Kf6 65. Kd5 Rd1+ 0-1

[Event "Heusenstamm Sparkassen op-A 2nd"]
[Site "Heusenstamm"]
[Date "2015.11.28"]
[Round "4"]
[White "Kabakci, Cem"]
[Black "Saluvar, Buelent"]
[Result "1-0"]
[WhiteElo "1496"]
[BlackElo "1799"]
[PlyCount "57"]
[EventDate "2015.11.26"]
[EventType "swiss"]
[EventRounds "7"]
[EventCountry "GER"]
[SourceTitle "EXT 2018"]
[Source "ChessBase"]
[SourceDate "2017.10.13"]
[SourceVersion "1"]
[SourceVersionDate "2017.10.13"]
[SourceQuality "1"]

1. e4 c5 2. Nf3 d6 3. d4 cxd4 4. Nxd4 Nf6 5. Nc3 a6 6. Bg5 e6 7. Be2 Be7 8. Qd2 0-0 9. f4 Qc7 10. Nf3 Nc6 11. Bh4 b5 12. Bd3 Bb7 13. Ne2 Nd7 14. Bxe7 Nxe7 15. Ng3 Nc5 16. 0-0 Nxd3 17. cxd3 Qb6+ 18. Kh1 Rac8 19. Rac1 h6 20. f5 exf5 21. exf5 Nd5 22. Ne4 Kh7 23. Rxc8 Rxc8 24. Rc1 Rxc1+ 25. Qxc1 Ne7 26. f6 Bxe4 27. fxe7 Qb8 28. dxe4 Qe8 29. Qc7 1-0

[Event "Heusenstamm Sparkassen op-A 2nd"]
[Site "Heusenstamm"]
[Date "2015.11.27"]
[Round "2"]
[White "Kabakci, Cem"]
[Black "Held, Maurice"]
[Result "1/2-1/2"]
[WhiteElo "1496"]
[BlackElo "1804"]
[PlyCount "91"]
[EventDate "2015.11.26"]
[EventType "swiss"]
[EventRounds "7"]
[EventCountry "GER"]
[SourceTitle "EXT 2018"]
[Source "ChessBase"]
[SourceDate "2017.10.13"]
[SourceVersion "1"]
[SourceVersionDate "2017.10.13"]
[SourceQuality "1"]

1. e4 g6 2. d4 Bg7 3. Nf3 c5 4. Bc4 cxd4 5. Nxd4 Nc6 6. Be3 Nf6 7. Nc3 0-0 8. h3 d6 9. Qd2 Bd7 10. Nf3 a6 11. Bh6 b5 12. Bxg7 Kxg7 13. Bd3 Rc8 14. h4 h5 15. Ng5 b4 16. Nd5 a5 17. f4 Nxd5 18. exd5 Nd4 19. Bxg6 Kxg6 20. Qxd4 Rxc2 21. Ne6 Bxe6 22. dxe6 f5 23. Qd3 Qc8 24. 0-0 Rg8 25. Rf3 Qc5+ 26. Kh2 Kf6 27. Rg3 Rg4 28. Rxg4 hxg4 29. h5 Kg7 30. Qg3 Qf2 31. b3 Qxg3+ 32. Kxg3 Kh6 33. a3 Rc3+ 34. Kh4 Rxb3 35. axb4 Rxb4 36. Rxa5 Rxf4 37. Ra7 Rf2 38. Rxe7 Rxg2 39. Rd7 Rh2+ 40. Kg3 Re2 41. Rxd6 Kxh5 42. Kf4 Kh4 43. Kxf5 g3 44. e7 g2 45. Rh6+ Kg3 46. Rg6+ 1/2-1/2

[Event "Heusenstamm Sparkassen op-A 2nd"]
[Site "Heusenstamm"]
[Date "2015.11.26"]
[Round "1"]
[White "Kuhn, Gerhard"]
[Black "Kabakci, Cem"]
[Result "1-0"]
[WhiteElo "1969"]
[BlackElo "1496"]
[PlyCount "65"]
[EventDate "2015.11.26"]
[EventType "swiss"]
[EventRounds "7"]
[EventCountry "GER"]
[SourceTitle "EXT 2018"]
[Source "ChessBase"]
[SourceDate "2017.10.13"]
[SourceVersion "1"]
[SourceVersionDate "2017.10.13"]
[SourceQuality "1"]

1. e4 e5 2. Nf3 Nc6 3. Nc3 Nf6 4. d4 exd4 5. Nd5 Nxd5 6. exd5 Nb4 7. Nxd4 Nxd5 8. Nf5 Ne7 9. Bg5 f6 10. Bxf6 gxf6 11. Qh5+ Ng6 12. 0-0-0 Be7 13. Bc4 d6 14. Nxe7 Bg4 15. Qxg4 Nxe7 16. Rhe1 Qd7 17. Qg7 Rf8 18. Be6 Qb5 19. Bf5 Rf7 20. Qh8+ Rf8 21. Qxh7 Rf7 22. Rxe7+ Kxe7 23. Re1+ Qe5 24. Rxe5+ fxe5 25. Qh4+ Rf6 26. g4 Raf8 27. Qg3 Rg8 28. Qb3 Rh8 29. Qxb7 Rxh2 30. Qxc7+ Kf8 31. Qb8+ Kg7 32. Qxa7+ Kh6 33. Qh7+ 1-0